English football by top four finishes - Statistics

General Stats
  • This quiz has been taken 75 times
  • The average score is 33 of 40
Answer Stats
Answer % Correct
Liverpool
100%
Arsenal
98%
Chelsea
98%
Leicester City
98%
Manchester City
98%
Manchester United
98%
Newcastle United
98%
Tottenham Hotspur
98%
Aston Villa
95%
Blackburn Rovers
95%
Everton
95%
Leeds United
92%
Nottingham Forest
92%
Sunderland
90%
Sheffield United
87%
Sheffield Wednesday
87%
Southampton
87%
West Bromwich Albion
85%
West Ham United
85%
Burnley
84%
Norwich City
84%
Wolverhampton Wanderers
82%
Cardiff City
81%
Derby County
81%
Portsmouth
81%
Queens Park Rangers
81%
Bolton Wanderers
77%
Huddersfield Town
77%
Ipswich Town
77%
Middlesbrough
77%
Preston North End
77%
Watford
74%
Blackpool
73%
Stoke City
73%
Crystal Palace
71%
Bristol City
69%
Charlton Athletic
66%
Notts County
60%
Oldham Athletic
56%
Bury
52%
No matching quizzes found
Score Distribution
Percent of People with Each Score
Percentile by Number Answered
Your Score History
You have not taken this quiz